Statistics for Best Player on Every Team-2021 MLB

Click here to take the quiz!

General Stats

  • This quiz has been taken 63 times
  • The average score is 7 of 30

Answer Stats

TeamsPlayers% Correct
YankeesAaron Judge
65%
BravesRonald Acuna Jr.
56%
PhilliesBryce Harper
53%
PadresFernando Tatis Jr.
53%
RockiesTrevor Story
51%
AngelsMIke Trout
47%
CubsKris Bryant
44%
CardsNolan Arenado
42%
BrewersChristian Yelich
40%
MetsPete Alonso
37%
White SoxJose Abreu
33%
IndiansJose Ramirez
26%
OriolesCedric Mullins
19%
TwinsNelson Cruz
16%
GiantsEvan Longoria
14%
NatsJuan Soto
14%
DodgersMax Muncy
9%
RoyalsCarlos Santana
7%
RaysAustin Meadows
5%
Red SoxXander Bogaerts
5%
PiratesColin Moran
2%
MarlinsJesus Aguliar
2%
AstrosKyle Tucker
2%
A'sMatt Chapman
2%
MarinersMitch Haniger
2%
RedsNicholas Castellanos
2%
RangersNick Solak
2%
DiamondbacksChristian Walker
0%
TigersNiko Goodrum
0%
Blue JaysVlad Guerrero Jr.
0%

Score Distribution

Percentile by Number Answered

Percent of People with Each Score

Your Score History

You have not taken this quiz